Popular Roblox Games - Statistics

General Stats
  • This quiz has been taken 27 times
  • The average score is 14 of 20
Answer Stats
Hint Answer % Correct
Escape the prison while avoiding police, rob stores and do big heists for money Jailbreak
100%
Plant seeds and grow crops for sheckles, hatch pets for abilities Grow a Garden
95%
Hatch eggs and trade for pets, decorate your home and avatar Adopt Me!
90%
You have to start off either as a pirate or marine and it is very inspired by a popular anime Blox Fruits
90%
You work at a pizzeria and your jobs can be delivering, cooking, or cashier Work at a Pizza Place
86%
A lobby of innocents with one murderer and sheriff Murder Mystery 2
81%
Very difficult obby going up a tower, no checkpoints if you fall Tower of Hell
81%
Role-play by changing your avatar, having a home and exploring the city with a family Brookhaven RP
76%
Build a raft to go through stages and reach the end for a treasure chest and gold Build a Boat for Treasure
76%
First person shooter in 1v1 to 5v5 team duels with multiple unlockable weapons RIVALS
76%
Characters moving on a path that go to your base, defend your characters and base while stealing from others Steal a Brainrot
76%
Find keys and items to escape from an infected pig, different maps and modes Piggy
71%
Build and decorate your home while having a job and take care of yourself by eating or hygiene, etc Welcome to Bloxburg
67%
FFA or team gun game with multiple modes such as automatics only or classic gun game Arsenal
57%
Hatch bees to collect pollen and progress while fighting mobs in the way Bee Swarm Simulator
57%
Play a variety of short round minigames to earn coins and level up while doing quests Epic Minigames
48%
Inspired by Minecraft Skyblock, explore mob islands and build on your plot using totems, conveyors and blocks. Islands
43%
Round based game where players sit at a table and one by one are eliminated by a randomly selected killer until only one survivor remains Breaking Point
33%
Feed and take care of your cat by buying upgrades for the house, restart if the cat dies Raise a Floppa
29%
Red, Blue, Green and Yellow teams defend their towers and knock down the opponents Doomspire Brickbattle
24%
No matching quizzes found
Score Distribution
Percent of People with Each Score
Percentile by Number Answered
Your Score History
You have not taken this quiz